Aplikácia špecifických rozdelení pravdepodobnosti na analýzu rizika v portfóliu poistných zmlúv

Prezentácia prehľadu rozdelení pravdepodobnosti, ktoré je možno využiť pri modelovaní rizika v aktuárskej praxi.

Gespeichert in:
Bibliographische Detailangaben
1. Verfasser: Páleš, Michal, 1984-
Format: Buchkapitel
Sprache:Slowakisch
Schlagworte:
Tags: Tag hinzufügen
Keine Tags, Fügen Sie das erste Tag hinzu!

MARC

LEADER 00000naa$a2200000$$$4500
001 0180785
005 20240502073106.0
041 0 |a slo 
044 |a SK 
245 1 0 |a Aplikácia špecifických rozdelení pravdepodobnosti na analýzu rizika v portfóliu poistných zmlúv  |c Michal Páleš 
520 |a Prezentácia prehľadu rozdelení pravdepodobnosti, ktoré je možno využiť pri modelovaní rizika v aktuárskej praxi. 
610 2 0 |a metódy aktuárske 
610 2 0 |a zmluvy poistné 
610 2 0 |a riziko poistné 
610 2 0 |a rozdelenie pravdepodobnosti 
100 1 |a Páleš, Michal, 1984-